000 00724nam a2200229 a 4500
001 23346
003 BD-RjUL
005 20211209000923.0
008 150531s1981 kn a 000 0|eng
035 _a(BD-RjUL)23411
040 _aBD-RjUL
_cBD-RjUL
_dBD-RjUL
_beng
041 _aeng
082 _a951.93043
_bKIM 1981
100 _a Kim, Il-sŏng,
_9116785
245 _aKim Il Sung :
_bWorks /
_cIl-sŏng Kim.
_nVolume 5 :
_pJanuary 1949-June 1950.
260 _aPyongyang, Korea :
_bForeign Languages Pub. House,
_c1981
300 _a429 p. :
_bill.;
_c21 cm.
600 _a Kim, Il-sŏng,
_d1912-1994.
_9116785
651 _aKorea (North)
_xPolitics and government
_y1948-1994
_9116800
942 _2ddc
_cBK
999 _c23346
_d23346